| 000 | 00717nam a2200217 a 4500 | ||
|---|---|---|---|
| 001 | 1055 | ||
| 003 | CDMR | ||
| 005 | 20131210125401.0 | ||
| 008 | 130130s1983||||||||||||||||||||||||||||d | ||
| 020 | _a9686085807 | ||
| 040 |
_aCDMR _bcat _cCDMR |
||
| 100 | 1 |
_aSchiller, Herbert Irving _9373 |
|
| 245 | 1 | 3 |
_aEl poder informático _b: imperios tecnológicos y relaciones de dependencia _cH. Schiller ; [versión castellana de Caroline Phipps] |
| 260 |
_aMéxico _c1983 _bGustavo Gili |
||
| 300 | _a225 p. | ||
| 490 | 0 | _aGG MassMedia | |
| 650 | 0 | 4 |
_93156 _aSocietat de la informació |
| 650 | 0 | 4 |
_93178 _aMitjans de comunicació de massa _xAspectes econòmics |
| 650 | 0 | 4 |
_92190 _aComunicació internacional |
| 942 |
_cMON _2udc |
||
| 999 |
_c1055 _d1055 |
||